[Event "XXXIII Abierto Ciudad de Sevilla"]
[Site "?"]
[Date "2008.01.05"]
[Round "1"]
[White "Burmakin, V."]
[Black "Gil Del Fresno, M."]
[Result "1-0"]
[WhiteElo "2611"]
[BlackElo "1931"]
[PlyCount "55"]
[EventDate "2008.01.05"]
[SourceDate "2008.01.05"]

1. d4 Nf6 2. g3 g6 3. Bg2 Bg7 4. e4 d6 5. Nc3 O-O 6. Nge2 c5 (6... c6) (6...
Nbd7) 7. dxc5 dxc5 8. Qxd8 Rxd8 9. e5 Ne8 (9... Ng4 10. f4 Nc6 11. Bxc6 (11. h3
$2 Nb4) 11... bxc6 12. h3 Nh6 13. Be3 $14) 10. f4 Nc6 11. Be3 Nb4 (11... c4)
12. Rc1 {Diagrama #} Bf5 $2 (12... Na6 $16) 13. Bxc5 $18 Nxc2+ 14. Kf2 Rd7 $2 (
14... Rac8 15. Bxe7 Rd7 16. Nd5 $18) 15. g4 Bd3 16. Rhd1 Rad8 17. Rxd3 Rxd3 18.
Rxc2 R8d7 19. Bxa7 Rc7 20. Bb6 Rcd7 21. Ne4 Rd1 22. Rc8 Kf8 23. g5 h6 24. h4 h5
25. Ba5 Rb1 26. Rc2 Ra1 27. a3 Ra2 28. Nc5 1-0